000 00569nam a2200229Ia 4500
003 OSt
005 20221005113755.0
006 a|||||r|||| 00| 0
007 ta
008 221004b |||||||| |||| 00| 0 eng d
024 _a114938
037 _cTextual
040 _aCRL
_cCRL
_beng
041 _2eng
_aeng
100 _aGupta R L
245 0 _aAdvanced accountancy
_b Theory method and application
260 _c1986
490 _vI , II, III, IV
700 _a Radhaswamy M
942 _cTEXL
_2cc
999 _c1029229
_d1029229